1960 1483 1263 1390 1132 1377 1379 1212 1159 1405 1513 1718 1062 1176 1073 1245 1383 1947 1117 1115 1313 1394 1149 1318 1046 1387 1811 1914 1873 1737 1537 1979 1711 1565 1262 1078 1173 1268 1078 1631 1310 1683 1122 1996 1686 1941 1715 1142 1845 1254 1388 1683 1806 1884 1539 1007 1532 1971 1286 1649 1698 1194 1509 1839 1043 1462 1426 1994 1097 1114 1391 1485 1813 1578 1422 1071 1817 1533 1602 1681 1465 1078 1287 1122 1948 1020 1359 1262 1963 1270 1066 1505 1607 1208 1410 1856 1031 1766 1004 BCNSPRNW ULIB Ver.6.0+V

เปลี่ยนเป็นภาษาไทย

Change to English
 แสดงรายละเอียดบรรณานุกรม
  กลับหน้าหลัก

Brief Record : Get Marc (ISO 2709) : E-mail record : QR code < ปิดหน้าต่าง
LEADER : 00000nam 2200000uu 4500
001    13399112241
003     ULIB
008    110627s2551||||th 000 0 tha d
020    9789740640233
090    นว.^bป523S 2551
100 0  ปัญญ์ปรียา
245 00 Sweet molecule...มีเธอทุกอณูใจ/^cปัญญ์ปรียา
250    พิมพ์ครั้งที่ 1
260    กรุงเทพฯ :^bแจ่มใส,^c2551
300    464 หน้า
710 1  แจ่มใส
945    ^p279^l0^i023590
995    ทศพร
999 ^a ใช้งานได้ทุกระบบ
รายการนี้ยังไม่มีแท็ก
คุณยังไม่ได้ล็อกอิน คุณสามารถมีกิจกรรมร่วมกับเว็บไซต์ได้ แต่ต้องล็อกอินก่อน ::
  ล็อกอิน

รายการสื่อสารสนเทศ

ลำดับที่ ประเภท เลขเรียก/บาร์โค้ด สถานที่ สถานะ
- ไม่พบข้อมูล -

รายการใกล้เคียง
    ผู้แต่ง [ปัญญ์ปรียา]

BibComment


ยังไม่เคยถูกคอมเมนท์

คอมเมนท์ทรัพยากรรายการนี้
  คอมเมนท์: Sweet moleculeมีเ..


 Copyright 2026. Bcnsprnw @Library